Generazioni dei Pokémon - Quiz n°15 - Statistics

Statistiche generali
  • Questo quiz è stato fatto 13 volte
  • Il punteggio medio è 11 su 15
Statistiche sulle risposte
Hint Risposta % Corretto
Venonat Prima
91%
Beedrill Prima
82%
Raichu Prima
82%
Voltorb Prima
82%
Throh Quinta
82%
Pumpkaboo Sesta
82%
Armarouge Nona
73%
Drilbur Quinta
73%
Tapu Lele Settima
73%
Salamence Terza
73%
Sewaddle Quinta
64%
Tarountula Nona
55%
Chatot Quarta
55%
Landorus Quinta
55%
Wynaut Terza
55%
Nessun quiz corrispondente trovato
Distribuzione punteggi
Percentuale di utenti per punteggio
Percentile per numero di risposta
I tuoi punteggi nel tempo
Non hai fatto questo quiz